| 000 | 00434nam a2200169Ia 4500 | ||
|---|---|---|---|
| 003 | GCL | ||
| 008 | 140319s9999 xx 000 0 eng d | ||
| 040 |
_aGCL / _cGCL |
||
| 082 | 0 | 4 |
_a005.43 _bS C |
| 100 | 1 | _aSHAMMAS, NAMIR | |
| 245 | 1 | 0 |
_aCRASH COURSE IN TURLO C TT / _cSHAMMAS, NAMIR |
| 260 |
_a[S.N] : _bQUE ، _c1993 |
||
| 300 | _a224 P | ||
| 650 | 0 | 4 | _aPROGRAMMING |
| 650 | 0 | 4 | _aTURBC TT(COMPUTER PROFAM LANGU |
| 942 |
_2ddc _cBK |
||
| 999 |
_c22538 _d22538 |
||